[Event "Amsterdam m1"]
[Site "?"]
[Date "1988.??.??"]
[Round "4"]
[White "Karpov Anatoly"]
[Black "Timman Jan Hein"]
[Result "1/2-1/2"]
[WhiteElo "2715"]
[BlackElo "2675"]
[PlyCount "47"]
[EventDate "1988.??.??"]
[Source "www.chesslib.no"]
[SourceDate "2004.05.04"]

1. e4 d6 2. d4 Nf6 3. Nc3 g6 4. Nf3 Bg7 5. Be2 O-O 6. O-O Bg4 7. Be3 Nc6 8. Qd2 e5 9. dxe5 dxe5 10. Rad1 Qc8 11. Qc1 Rd8 12. Rxd8+ Qxd8 13. Rd1 Qe7 14. h3 Bxf3 15. Bxf3 Rd8 16. Rxd8+ Qxd8 17. Qd2 Qxd2 18. Bxd2 Nd4 19. Bd1 c6 20. g3 Bf8 21. Kg2 Bb4 22. Nb1 Bxd2 23. Nxd2 Kf8 24. c3 1/2-1/2

[Event "Camp. spagnolo a squadre - Gruppo I"]
[Site "Cala Mayor SPA"]
[Date "2008.09.04"]
[Round "2"]
[White "Van Wely, L."]
[Black "Ponomariov, R."]
[Result "1/2-1/2"]
[WhiteElo "2644"]
[BlackElo "2718"]
[PlyCount "118"]
[EventDate "2008.09.03"]
[Source "www.chesslib.no"]
[SourceDate "2004.05.04"]

1. d4 g6 2. e4 Bg7 3. Nf3 d6 4. Nc3 Nf6 5. Be3 a6 6. h3 O-O 7. a4 Nc6 8. Bc4 e6 9. O-O d5 10. Bd3 dxe4 11. Nxe4 Nd5 12. Bg5 f6 13. Bh4 Nce7 14. Bg3 f5 15. Ned2 c5 16. dxc5 Bxb2 17. Bd6 Nc3 18. Qe1 Ned5 19. Nc4 Bxa1 20. Qxa1 Bd7 21. Re1 Re8 22. a5 Bb5 23. Nd4 Rc8 24. Nb6 Bxd3 25. Nxc8 Qxc8 26. cxd3 Nb5 27. Nf3 Qd8 28. Be5 Nb4 29. Qb1 Nc6 30. Ba1 Qd5 31. Ne5 Ncd4 32. Bxd4 Qxd4 33. c6 bxc6 34. Nxc6 Qc3 35. Rc1 Qa3 36. Qa1 Qxd3 37. Rd1 Qc3 38. Qxc3 Nxc3 39. Rd7 Nb5 40. Rb7 e5 41. Nb4 Ra8 42. Nxa6 Rxa6 43. Rxb5 e4 44. g4 fxg4 45. hxg4 Rc6 46. Kg2 Rc3 47. a6 Ra3 48. Rb6 g5 49. Kf1 Ra2 50. Ke1 Kg7 51. Rb7+ Kf6 52. Rxh7 Ke5 53. a7 Kf4 54. Rf7+ Kxg4 55. Kd1 Kh3 56. Re7 g4 57. Ke1 g3 58. fxg3 Kxg3 59. Rxe4 Rxa7 1/2-1/2

[Event "Corr"]
[Site "?"]
[Date "2002.01.15"]
[Round "?"]
[White "Anton Volker-Michael (GER"]
[Black "Elwert Hans-Marcus (GER)"]
[Result "1/2-1/2"]
[WhiteElo "2664"]
[BlackElo "2687"]
[PlyCount "63"]
[EventDate "2002.??.??"]
[Source "www.chesslib.no"]
[SourceDate "2004.05.04"]

1. d4 d6 2. e4 Nf6 3. Nc3 g6 4. Nf3 Bg7 5. Be2 O-O 6. O-O c6 7. h3 Nbd7 8. e5 Ne8 9. Re1 dxe5 10. dxe5 Nc7 11. Bf4 Ne6 12. Bg3 Qb6 13. a3 Rd8 14. Qc1 Ndf8 15. Bh4 Re8 16. Rd1 Bd7 17. b4 Rad8 18. Rb1 Bc8 19. Rxd8 Nxd8 20. a4 Qc7 21. Qe3 b6 22. Bg3 Nde6 23. Ne4 Bb7 24. Bc4 Rd8 25. Nfg5 c5 26. bxc5 Bxe4 27. Nxe4 Bxe5 28. Bxe5 Qxe5 29. cxb6 axb6 30. Nc3 Qxe3 31. fxe3 Nd7 32. Bxe6 1/2-1/2

[Event "IBM"]
[Site "Amsterdam"]
[Date "1980.??.??"]
[Round "?"]
[White "Karpov, Anatoly"]
[Black "Timman, Jan H"]
[Result "1/2-1/2"]
[WhiteElo "2725"]
[BlackElo "2600"]
[PlyCount "52"]
[EventDate "1980.06.??"]
[Source "ChessBase"]

1. e4 d6 2. d4 Nf6 3. Nc3 g6 4. Nf3 Bg7 5. Be2 O-O 6. O-O Bg4 7. Be3 Nc6 8. Qd3 Nd7 9. Ne1 Bxe2 10. Nxe2 e5 11. c3 Ne7 12. Nf3 exd4 13. Bxd4 Ne5 14. Bxe5 dxe5 15. Qc4 c6 16. Rad1 Qc7 17. Rd3 Rad8 18. Rfd1 Nc8 19. Ng3 Bf6 20. Qc5 Rxd3 21. Rxd3 Re8 22. Nf1 Re6 23. N1d2 Rd6 24. Rxd6 Qxd6 25. Qe3 Bd8 26. Kf1 b5 1/2-1/2

[Event "Frankfurt-West Masters"]
[Site "Frankfurt"]
[Date "1999.06.29"]
[Round "2"]
[White "Lutz, Christopher"]
[Black "Topalov, Veselin"]
[Result "0-1"]
[WhiteElo "2610"]
[BlackElo "2700"]
[PlyCount "161"]
[EventDate "1999.06.29"]
[Source "ChessBase"]
[SourceDate "1999.10.01"]

1. e4 d6 2. d4 Nf6 3. Nc3 g6 4. Nf3 Bg7 5. Be2 O-O 6. O-O c6 7. a4 Nbd7 8. a5 Qc7 9. Be3 e5 10. dxe5 dxe5 11. h3 Rd8 12. Qb1 Nf8 13. Qa2 Be6 14. Qa3 h6 15. Rfd1 N8d7 16. Nd2 Bf8 17. b4 c5 18. b5 c4 19. Qb2 b6 20. axb6 axb6 21. Nf3 Rxa1 22. Qxa1 Rc8 23. Nd5 Bxd5 24. exd5 Ne4 25. Nd2 Nd6 26. g4 Bg7 27. Qb1 f5 28. Nf3 f4 29. Bc1 g5 30. Ba3 Nc5 31. Nd2 c3 32. Nc4 e4 33. Nxd6 Qxd6 34. Bxc5 bxc5 35. f3 Rb8 36. Qb3 Bd4+ 37. Kg2 Kg7 38. Qc4 Qe5 39. d6 Qxd6 40. Ra1 Qe7 41. Qd5 exf3+ 42. Qxf3 Re8 43. Bd3 Qc7 44. b6 Qxb6 45. Qd5 Qc7 46. Rb1 Re7 47. Qf5 f3+ 48. Qxf3 c4 49. Be4 Qe5 50. Re1 Rf7 51. Qe2 Rf2+ 52. Qxf2 Bxf2 53. Kxf2 Qd4+ 54. Kf1 Qd2 55. Re2 Qf4+ 56. Kg2 Qc1 57. Bf3 Kf6 58. Rf2 Ke5 59. Re2+ Kd4 60. Re4+ Kc5 61. Re2 Kb4 62. Rf2 Ka3 63. Be4 Kb2 64. Bf5 Qe3 65. Bg6 Qe5 66. Bf5 Qd5+ 67. Kg1 Kc1 68. Rf1+ Kd2 69. Rf2+ Ke3 70. Rf1 Qd2 71. Kh1 Qe2 72. Ra1 Kf4 73. Rg1 h5 74. Bc8 h4 75. Bf5 Kf3 76. Bc8 Qxc2 77. Bb7+ Kf4 78. Bc6 Ke5 79. Bg2 Qd2 80. Rf1 c2 81. Ra1 0-1

[Event "Corr"]
[Site "?"]
[Date "1999.06.30"]
[Round "?"]
[White "Bang Erik (DEN)"]
[Black "Ekebjaerg Ove (DEN)"]
[Result "1-0"]
[WhiteElo "2663"]
[BlackElo "2635"]
[PlyCount "73"]
[EventDate "1999.??.??"]
[Source "www.chesslib.no"]
[SourceDate "2004.05.04"]

1. d4 g6 2. e4 Bg7 3. Nc3 d6 4. Nf3 Nf6 5. Be3 c6 6. Qd2 Bg4 7. Be2 O-O 8. h3 Bxf3 9. Bxf3 Nbd7 10. O-O Qc7 11. a4 Rfe8 12. Rfd1 e5 13. d5 c5 14. Nb5 Qb8 15. c4 Nxe4 16. Bxe4 f5 17. Bc2 f4 18. Bxc5 Nxc5 19. b4 Na6 20. Rab1 b6 21. Qe2 Qd8 22. Nc3 Rf8 23. Be4 Nc7 24. c5 Ne8 25. Bf3 Rb8 26. Ne4 Bf6 27. Rbc1 Be7 28. Qa6 Ra8 29. Qc4 a5 30. cxb6 Qxb6 31. b5 Rb8 32. Qb3 Ng7 33. Rc6 Qd8 34. b6 Nf5 35. Qb5 Nd4 36. Rxd4 exd4 37. Qxa5 1-0

[Event "Corr"]
[Site "?"]
[Date "1999.??.??"]
[Round "?"]
[White "Elwert Hans-Marcus"]
[Black "Alvarez Roberto Gabriel"]
[Result "1/2-1/2"]
[WhiteElo "2681"]
[BlackElo "2605"]
[PlyCount "46"]
[EventDate "1999.??.??"]
[Source "www.chesslib.no"]
[SourceDate "2004.05.04"]

1. Nf3 d6 2. d4 g6 3. e4 Bg7 4. Nc3 Nf6 5. h3 O-O 6. Be3 a6 7. a4 d5 8. Bd3 c5 9. exd5 Nxd5 10. Nxd5 Qxd5 11. c4 Qd8 12. d5 Bxb2 13. Rb1 Bc3+ 14. Kf1 b5 15. axb5 axb5 16. Rxb5 Ba6 17. Rb3 Bf6 18. Qc2 Nd7 19. h4 Rb8 20. Rxb8 Qxb8 21. h5 Qb2 22. Qa4 Qa1+ 23. Qxa1 Bxa1 1/2-1/2

[Event "Novosibirsk"]
[Site "Novosibirsk"]
[Date "1995.??.??"]
[Round "4"]
[White "Ehlvest, Jaan"]
[Black "Svidler, Peter"]
[Result "0-1"]
[WhiteElo "2630"]
[BlackElo "2635"]
[PlyCount "90"]
[EventDate "1995.10.??"]
[Source "ChessBase"]

1. d4 d6 2. e4 Nf6 3. Nc3 g6 4. Nf3 Bg7 5. Be2 O-O 6. O-O Nc6 7. d5 Nb8 8. Re1 e5 9. dxe6 Bxe6 10. Nd4 Bd7 11. Bg5 h6 12. Bh4 Nc6 13. Nxc6 bxc6 14. f4 Qb8 15. Rb1 Re8 16. Bf3 Be6 17. Bf2 Qb4 18. a3 Qa5 19. Kh1 Rab8 20. Bd4 c5 21. Be3 Nd7 22. Bd2 Qa6 23. Qc1 Kh7 24. b3 f5 25. exf5 Bxf5 26. Rxe8 Rxe8 27. Nd5 Qc8 28. b4 Be4 29. Qd1 c6 30. Bxe4 Rxe4 31. Nc3 Re7 32. Qf1 cxb4 33. axb4 Nf6 34. Qd3 d5 35. h3 d4 36. Ne2 Ne4 37. Rf1 Qe6 38. Be1 c5 39. Bh4 c4 40. Qd1 Rd7 41. Ng3 Nxg3+ 42. Bxg3 d3 43. cxd3 Rxd3 44. Qe1 Qxe1 45. Bxe1 Rd1 0-1

[Event "Reggio Emilia"]
[Site "?"]
[Date "1989.??.??"]
[Round "?"]
[White "Ehlvest, J."]
[Black "Gurevich, M."]
[Result "1-0"]
[WhiteElo "2620"]
[BlackElo "2645"]
[PlyCount "120"]
[EventDate "1989.??.??"]
[Source "ChessBase"]
[SourceDate "1990.01.01"]

1. e4 d6 2. d4 Nf6 3. Nc3 g6 4. Nf3 Bg7 5. Be2 O-O 6. O-O Bg4 7. Be3 Nc6 8. Qd2 Re8 9. d5 Bxf3 10. Bxf3 Ne5 11. Be2 c6 12. a4 Qa5 13. Ra3 Rec8 14. Rb3 Rab8 15. Qd4 c5 16. Qd2 a6 17. f3 Ned7 18. Rb1 Ne8 19. Bf1 Nc7 20. Ra3 Rf8 21. Qe1 Rbe8 22. Bd2 Qb6 23. Nd1 Qa7 24. Ne3 Qb8 25. a5 Qa7 26. Kh1 Nb5 27. Ra2 Rc8 28. c3 Qb8 29. Be2 Nc7 30. Rd1 Ne8 31. Bc1 Nef6 32. Nc4 Qc7 33. Qh4 Ne5 34. Nb6 Rce8 35. Bg5 Nfd7 36. Nxd7 Nxd7 37. f4 Nf6 38. Bf3 Kh8 39. Raa1 Ng8 40. Qg3 Bf6 41. Re1 Bxg5 42. Qxg5 e5 43. dxe6 Rxe6 44. b4 cxb4 45. cxb4 h6 46. Qg3 Kg7 47. Bg4 Ree8 48. Rac1 Qe7 49. h3 Nf6 50. Qc3 Kg8 51. Bf3 Qd8 52. Rcd1 Re6 53. e5 Ne8 54. Bxb7 Qb8 55. Bxa6 dxe5 56. Bc4 Qc7 57. Rc1 Re7 58. fxe5 Ng7 59. Qg3 Qb8 60. b5 Kh7 1-0

[Event "France"]
[Site "?"]
[Date "2000.04.02"]
[Round "7.1"]
[White "Dorfman Josif D"]
[Black "Tkachiev Vladislav"]
[Result "1/2-1/2"]
[WhiteElo "2593"]
[BlackElo "2670"]
[PlyCount "32"]
[EventDate "2000.??.??"]
[Source "www.chesslib.no"]
[SourceDate "2004.05.04"]

1. d4 d6 2. e4 Nf6 3. Nc3 g6 4. Nf3 Bg7 5. Be2 O-O 6. O-O c6 7. Bf4 Nbd7 8. a4 Qc7 9. e5 Nh5 10. exd6 exd6 11. Be3 Nhf6 12. Qd2 Re8 13. Rfe1 Nb6 14. h3 a5 15. b3 Bf5 16. Bd3 Bxd3 1/2-1/2

[Event "Trakai"]
[Site "?"]
[Date "1995.??.??"]
[Round "?"]
[White "Rozentalis, E."]
[Black "Svidler, P."]
[Result "1-0"]
[WhiteElo "2610"]
[BlackElo "2635"]
[PlyCount "99"]
[EventDate "1995.??.??"]
[Source "ChessBase"]
[SourceDate "1995.06.01"]

1. e4 g6 2. d4 d6 3. Nf3 Nf6 4. Nc3 Bg7 5. Be2 O-O 6. O-O Nbd7 7. e5 Ne8 8. Bg5 c6 9. Qd2 dxe5 10. dxe5 Nc7 11. Rad1 Ne6 12. Qe3 Nxg5 13. Nxg5 e6 14. Nce4 h6 15. Nf3 Qe7 16. Nd6 Rd8 17. Kh1 Qf8 18. Nc4 b6 19. Rd6 Ba6 20. Rxc6 Bxc4 21. Rxc4 Rac8 22. Rxc8 Rxc8 23. Rd1 Rc7 24. Bb5 Nxe5 25. Nxe5 Qc5 26. Nxf7 Qxe3 27. fxe3 Kxf7 28. c3 Ke7 29. g3 Be5 30. Kg2 Bd6 31. Bd3 g5 32. Kh3 Bc5 33. Kg4 Bxe3 34. Re1 Bd2 35. Re2 Bc1 36. Kh5 Rc5 37. Kxh6 g4+ 38. Kg7 b5 39. Rc2 Bg5 40. Rf2 Bc1 41. b4 Rxc3 42. Bxb5 Rf3 43. Rxf3 gxf3 44. Bc6 f2 45. Bg2 e5 46. h4 Ke6 47. Kg6 Ba3 48. b5 e4 49. h5 Bd6 50. h6 1-0

[Event "Las Vegas USA"]
[Site "?"]
[Date "2006.06.18"]
[Round "6"]
[White "Ftacnik Lubomir"]
[Black "Izoria Zviad"]
[Result "1-0"]
[WhiteElo "2597"]
[BlackElo "2647"]
[PlyCount "63"]
[EventDate "2006.??.??"]
[Source "www.chesslib.no"]
[SourceDate "2004.05.04"]

1. d4 d6 2. e4 Nf6 3. Nc3 g6 4. Nf3 Bg7 5. Be2 O-O 6. O-O c6 7. a4 Qc7 8. h3 e5 9. dxe5 dxe5 10. Be3 Nh5 11. Bc4 Nf4 12. Qb1 a5 13. Qa2 Na6 14. Rad1 Ne6 15. Rd2 Rd8 16. Rfd1 Rxd2 17. Rxd2 h6 18. h4 Nf8 19. Qb3 Be6 20. Ne2 Bxc4 21. Qxc4 h5 22. Ng5 Bf6 23. Nc1 Nb4 24. Nb3 Bxg5 25. Bxg5 Kg7 26. Be3 b6 27. c3 Na6 28. Qd3 f6 29. Qd6 Qb7 30. f4 exf4 31. Bd4 Nd7 32. Qe7+ 1-0

[Event "Zapas"]
[Site "?"]
[Date "1997.??.??"]
[Round "?"]
[White "Hracek Zbynek"]
[Black "Ftacnik Lubomir"]
[Result "1/2-1/2"]
[WhiteElo "2630"]
[BlackElo "2595"]
[PlyCount "57"]
[EventDate "1997.??.??"]
[Source "www.chesslib.no"]
[SourceDate "2004.05.04"]

1. e4 d6 2. d4 Nf6 3. Nc3 g6 4. Nf3 Bg7 5. Be2 O-O 6. O-O c6 7. h3 Nbd7 8. e5 Ne8 9. Re1 dxe5 10. dxe5 Nc7 11. Bf1 Ne6 12. a4 Qc7 13. Qe2 a5 14. b3 b6 15. Qe3 Ba6 16. Bxa6 Rxa6 17. Bb2 Raa8 18. Ne2 Rad8 19. Ned4 Ndc5 20. Rad1 Rfe8 21. Rd2 f5 22. exf6 exf6 23. Nxe6 Rxe6 24. Rxd8+ Qxd8 25. Qd4 Rxe1+ 26. Nxe1 Qxd4 27. Bxd4 Nd7 28. Kf1 Kf7 29. Ke2 1/2-1/2

[Event "Zapas"]
[Site "?"]
[Date "1997.??.??"]
[Round "?"]
[White "Hracek Zbynek"]
[Black "Ftacnik Lubomir"]
[Result "1/2-1/2"]
[WhiteElo "2630"]
[BlackElo "2595"]
[PlyCount "47"]
[EventDate "1997.??.??"]
[Source "www.chesslib.no"]
[SourceDate "2004.05.04"]

1. e4 d6 2. d4 Nf6 3. Nc3 g6 4. Nf3 Bg7 5. Be2 O-O 6. O-O c6 7. h3 Nbd7 8. e5 dxe5 9. dxe5 Nd5 10. Nxd5 cxd5 11. Bf4 Qc7 12. Qxd5 Qxc2 13. Bb5 Qf5 14. Qd4 Nb6 15. Rfd1 f6 16. Rac1 Be6 17. Rc5 Rac8 18. Rxc8 Bxc8 19. a4 fxe5 20. Bxe5 Bxe5 21. Nxe5 Be6 22. a5 Nc8 23. Nd7 Nd6 24. Bd3 1/2-1/2

[Event "Zapas"]
[Site "?"]
[Date "1997.??.??"]
[Round "?"]
[White "Hracek Zbynek"]
[Black "Ftacnik Lubomir"]
[Result "1/2-1/2"]
[WhiteElo "2630"]
[BlackElo "2595"]
[PlyCount "52"]
[EventDate "1997.??.??"]
[Source "www.chesslib.no"]
[SourceDate "2004.05.04"]

1. e4 d6 2. d4 Nf6 3. Nc3 g6 4. Nf3 Bg7 5. Be2 O-O 6. O-O c6 7. h3 Nbd7 8. e5 Ne8 9. Re1 dxe5 10. dxe5 Nc7 11. Bf1 Ne6 12. b3 Qa5 13. Bd2 Qc7 14. Qe2 b5 15. Rad1 Bb7 16. Ng5 Nxg5 17. Bxg5 Nxe5 18. Bf4 f6 19. Bxe5 fxe5 20. Ne4 Rad8 21. Rxd8 Rxd8 22. h4 Bc8 23. h5 Bf5 24. hxg6 hxg6 25. c3 Qd7 26. g3 Bxe4 1/2-1/2

[Event "Delft exh"]
[Site "Delft"]
[Date "1989.??.??"]
[Round "?"]
[White "Jussupow, Artur M"]
[Black "Timman, Jan H"]
[Result "1/2-1/2"]
[WhiteElo "2610"]
[BlackElo "2610"]
[PlyCount "76"]
[EventDate "1989.??.??"]
[Source "www.chesslib.no"]
[SourceDate "2004.05.04"]

1. d4 Nf6 2. Nc3 g6 3. e4 d6 4. Nf3 Bg7 5. Be2 O-O 6. O-O Bg4 7. Be3 Nc6 8. h3 Bxf3 9. Bxf3 e5 10. Ne2 d5 11. exd5 Nxd5 12. dxe5 Nxe3 13. fxe3 Nxe5 14. Bxb7 Rb8 15. Bd5 Rxb2 16. Nf4 Rb6 17. Bb3 Rd6 18. Qe1 c5 19. Rd1 c4 20. Ba4 Rxd1 21. Qxd1 Qa5 22. c3 Rd8 23. Qc2 Qc5 24. Qf2 Qa3 25. Qc2 Nd3 26. Ne2 Qe7 27. Kh1 Qxe3 28. Ng1 Nc5 29. Bc6 Rd2 30. Qb1 Nd3 31. Qb8+ Bf8 32. Nf3 Kg7 33. Nxd2 Qxd2 34. Qc7 Nf2+ 35. Kg1 Bd6 36. Qxf7+ Kxf7 37. Rxf2+ Qxf2+ 38. Kxf2 Be5 1/2-1/2

[Event "It"]
[Site "It, Monaco"]
[Date "1993.??.??"]
[Round "5"]
[White "Christiansen, Larry M"]
[Black "Seirawan, Yasser"]
[Result "1-0"]
[WhiteElo "2620"]
[BlackElo "2595"]
[PlyCount "42"]
[EventDate "1993.??.??"]
[Source "www.chesslib.no"]
[SourceDate "2004.05.04"]

1. d4 d6 2. e4 g6 3. Nc3 Bg7 4. Nf3 Nf6 5. Be3 c6 6. h3 O-O 7. a4 a5 8. Be2 b6 9. O-O d5 10. e5 Ne8 11. Qd2 Ba6 12. Bh6 Bxe2 13. Nxe2 Na6 14. Nh2 Nac7 15. Rae1 f5 16. exf6 Nd6 17. Bxg7 Nf7 18. Qf4 Qd7 19. Qe5 Ng5 20. Qe6+ Qxe6 21. h4 Nf3+ 1-0

[Event "Moscow RUS"]
[Site "Moscow RUS"]
[Date "1981.??.??"]
[Round "?"]
[White "Geller, Efim P"]
[Black "Balashov, Yuri S"]
[Result "1/2-1/2"]
[WhiteElo "2615"]
[BlackElo "2600"]
[PlyCount "37"]
[EventDate "1981.??.??"]
[Source "www.chesslib.no"]
[SourceDate "2004.05.04"]

1. e4 g6 2. d4 Bg7 3. Nf3 d6 4. Nc3 Nf6 5. Be2 O-O 6. O-O Bg4 7. Be3 Nc6 8. Ne1 Bxe2 9. Qxe2 e5 10. dxe5 Nxe5 11. Rd1 Re8 12. Nd3 Nc4 13. Bg5 h6 14. Bh4 Qc8 15. a3 c6 16. b3 Nb6 17. Rde1 g5 18. Bg3 Nbd5 19. a4 1/2-1/2

[Event "Tch-BIH"]
[Site "Neum"]
[Date "2004.06.03"]
[Round "6"]
[White "Lalic, Bogdan"]
[Black "Sutovsky, Emil"]
[Result "1/2-1/2"]
[WhiteElo "2535"]
[BlackElo "2661"]
[PlyCount "39"]
[EventDate "2004.05.29"]
[Source "Roberto Alvarez"]
[SourceDate "2004.06.07"]

1. Nf3 g6 2. e4 d6 3. d4 Nf6 4. Nc3 Bg7 5. Be2 O-O 6. O-O Nc6 7. d5 Nb8 8. h3 e5 9. dxe6 Bxe6 10. Re1 Nc6 11. Bf1 Re8 12. Ng5 Bd7 13. f4 h6 14. Nf3 Nh5 15. g4 Nf6 16. Bg2 Nh7 17. Qd3 Nb4 18. Qd2 Na6 19. Qf2 Bc6 20. Nd4 1/2-1/2

[Event "Aeroflot Open"]
[Site "Moscow"]
[Date "2004.02.17"]
[Round "1"]
[White "Wu Wenjin"]
[Black "Tkachiev, Vladislav"]
[Result "1/2-1/2"]
[WhiteElo "2548"]
[BlackElo "2642"]
[PlyCount "81"]
[EventDate "2004.02.17"]
[Source "Roberto Alvarez"]
[SourceDate "2004.03.01"]

1. Nf3 d6 2. d4 g6 3. e4 Nf6 4. Nc3 Bg7 5. h3 O-O 6. Be3 c6 7. a4 Qc7 8. Be2 Nbd7 9. O-O b6 10. Qd2 Bb7 11. Bh6 Rad8 12. Rfe1 a6 13. Qg5 e5 14. Bxg7 Kxg7 15. dxe5 dxe5 16. Nh4 Ng8 17. Red1 Nc5 18. Nf3 f6 19. Qe3 a5 20. Bc4 Bc8 21. b3 Ne7 22. Ne2 Rxd1+ 23. Rxd1 Rd8 24. Ra1 Nb7 25. Ba6 Nd6 26. Bxc8 Nexc8 27. g4 Nf7 28. Ng3 Qd7 29. Kh2 Qe7 30. Kg2 Qe6 31. Rg1 Kf8 32. Re1 Rd7 33. Nd2 Qd6 34. Nc4 Qd4 35. Qf3 Ke7 36. h4 Ncd6 37. Rd1 Qc5 38. Ne3 Ne8 39. Rxd7+ Kxd7 40. g5 Ke7 41. Qg4 1/2-1/2

[Event "CRO-chT"]
[Site "?"]
[Date "2000.09.18"]
[Round "8"]
[White "Morovic Fernandez Ivan"]
[Black "Stohl Igor"]
[Result "1-0"]
[WhiteElo "2608"]
[BlackElo "2578"]
[PlyCount "75"]
[EventDate "2000.??.??"]
[Source "www.chesslib.no"]
[SourceDate "2004.05.04"]

1. e4 d6 2. d4 Nf6 3. Nc3 g6 4. Nf3 Bg7 5. Be2 O-O 6. O-O Nc6 7. d5 Nb4 8. h3 e6 9. a3 Na6 10. dxe6 Bxe6 11. Nd4 Bd7 12. Bf3 Nc5 13. Re1 Re8 14. Bf4 Na4 15. Nxa4 Bxa4 16. Qd2 Nd7 17. Bg5 Bf6 18. Bxf6 Qxf6 19. Rad1 Nc5 20. Qa5 b6 21. Qc3 Rac8 22. Re3 Bd7 23. b4 Na4 24. Qb3 c5 25. Ne2 b5 26. Qd5 Nb2 27. Re1 Nc4 28. Rc3 Bc6 29. Qd3 Qe5 30. Ng3 d5 31. Re2 Nb2 32. Qd2 Na4 33. Rd3 d4 34. bxc5 Red8 35. Bg4 Rc7 36. c3 Qxc5 37. cxd4 Qc4 38. d5 1-0

[Event "Buenos Aires"]
[Site "?"]
[Date "1992.??.??"]
[Round "?"]
[White "Morovic Fernandez, I."]
[Black "Chernin, A."]
[Result "1/2-1/2"]
[WhiteElo "2565"]
[BlackElo "2620"]
[PlyCount "34"]
[EventDate "1992.??.??"]
[Source "ChessBase"]
[SourceDate "1992.02.01"]

1. d4 d6 2. e4 Nf6 3. Nc3 g6 4. Nf3 Bg7 5. Be2 O-O 6. O-O Bg4 7. a4 Nc6 8. d5 Nb4 9. a5 Bd7 10. a6 bxa6 11. Bxa6 Nxa6 12. Rxa6 c6 13. Be3 Qc8 14. Qa1 Qb7 15. Qa2 Nxe4 16. Nxe4 cxd5 17. Nxd6 exd6 1/2-1/2

[Event "Polanica Zdroj"]
[Site "?"]
[Date "1996.??.??"]
[Round "?"]
[White "Rublevsky, S."]
[Black "Markowski, T."]
[Result "1-0"]
[WhiteElo "2645"]
[BlackElo "2540"]
[PlyCount "63"]
[EventDate "1996.??.??"]
[Source "ChessBase"]
[SourceDate "1996.06.01"]

1. e4 g6 2. d4 Bg7 3. Nf3 d6 4. Nc3 Nf6 5. Bc4 O-O 6. Qe2 c6 7. e5 Nd5 8. Bd2 dxe5 9. dxe5 Nxc3 10. Bxc3 b5 11. Bb3 Na6 12. e6 Bxc3+ 13. bxc3 f6 14. h4 Nc5 15. h5 g5 16. O-O Qb6 17. Nd4 a5 18. Nf5 Re8 19. a3 Nxb3 20. cxb3 c5 21. Rfe1 Ra6 22. h6 Qxe6 23. Qxb5 Qf7 24. Ng7 Rf8 25. Qxc5 e5 26. b4 Bd7 27. Rad1 Rc8 28. Qe3 Ba4 29. Rd3 Qg6 30. Qf3 e4 31. Rxe4 Bc2 32. Rc4 1-0